000 00372nam a22001457a 4500
008 250626b |||||||| |||| 00| 0 eng d
020 _a9789785640666
050 _aPN 1990.8
_b.A98
100 _aAzubuike, Chieme
245 _aIntroduction to Broadcasting
260 _aEnugu
_bRhyce Kerex Publishers
_c2019
300 _a260p
650 _aBroadcasting
942 _cBK
999 _c3985
_d3985